| Поле | Название | Значение |
| |
Тип записи |
a |
| |
Библиографический уровень |
m |
| 001 |
Контрольный номер |
RU/URAIT/599042 |
| 005 |
Дата корректировки |
20260429163630.5 |
| 008 |
Кодируемые данные |
260429s2026 RU y f j 000 0 rus u |
| 020 |
Индекс ISBN |
__ |
| a |
ISBN |
978-5-534-18148-7 |
| c |
Цена, тираж |
1699.00 |
| 040 |
Источник каталогиз. |
__ |
| a |
Служба первич. каталог. |
ИКО Юрайт |
| c |
Служба, преобразующая запись |
ИКО Юрайт |
| e |
Правила каталог. |
RCR |
| 041 |
Код языка издания |
__ |
| a |
Код языка текста |
rus |
| 044 |
Код страны публикации |
__ |
| a |
Код страны публикации |
RU |
| 080 |
Индекс УДК |
__ |
| a |
Индекс УДК |
811.124 |
| 084 |
Индекс другой классификации/Индекс ББК |
__ |
| 2 |
Источник индекса |
rubbk |
| a |
Индекс другой классификации/Индекс ББК |
81 |
| 100 |
Автор |
__ |
| a |
Автор |
Петрученко О. А. |
| q |
Полное имя |
Петрученко Осип Антонович |
| 245 |
Заглавие |
__ |
| a |
Заглавие |
Латинско-русский словарь в 2 ч. Часть 1. От A до M |
| b |
Продолж. заглавия |
учебник для спо |
| c |
Ответственность |
О. А. Петрученко. |
| 256 |
Характеристики компьютерного файла |
__ |
| a |
Характеристики компьютерного файла |
Электрон. дан. |
| 260 |
Выходные данные |
__ |
| a |
Место издания |
Москва |
| b |
Издательство |
Юрайт |
| c |
Дата издания |
2026 |
| 300 |
Физическое описание |
__ |
| a |
Объем |
410 с |
| 440 |
Серия |
__ |
| a |
Серия |
Профессиональное образование |
| 500 |
Примечания |
__ |
| a |
Примечание |
URL: https://urait.ru/bcode/599042 (дата обращения: 29.04.2026). |
| 520 |
Аннотация |
__ |
| a |
Аннотация |
Настоящее издание представляет собой классический словарь латинского языка О. А. Петрученко. В нем дан перевод латинских слов, основные формы и особенности их употребления. В книгу включены материалы из произведений Цицерона, Цезаря, Овидия, Вергилия и других авторов. Печатается по изданию: Петрученко, О. А. Латинско-русский словарь / О. А. Петрученко. — 5-е изд. — М. : Типография Г. Лисснера и Д. Собко, 1908. |
| 538 |
Прим. о системных особенностях |
__ |
| a |
Прим. о системных особенностях |
Режим доступа: Электронно-библиотечная система Юрайт, для авториз. пользователей |
| 653 |
Ключевые слова |
__ |
| a |
Ключевые слова |
Древние языки |
| 653 |
Ключевые слова |
__ |
| a |
Ключевые слова |
Языки и литература |
| 653 |
Ключевые слова |
__ |
| a |
Ключевые слова |
Латинский язык |
| 653 |
Ключевые слова |
__ |
| a |
Ключевые слова |
Латинский язык и основы терминологии |
| 653 |
Ключевые слова |
__ |
| a |
Ключевые слова |
Латинский язык и основы медицинской терминологии |
| 653 |
Ключевые слова |
__ |
| a |
Ключевые слова |
Основы латинского языка с медицинской терминологией |
| 653 |
Ключевые слова |
__ |
| a |
Ключевые слова |
Основы латинского языка |
| 653 |
Ключевые слова |
__ |
| a |
Ключевые слова |
Древние языки (латинский язык) |
| 653 |
Ключевые слова |
__ |
| a |
Ключевые слова |
Классические/древние языки (латинский) |
| 653 |
Ключевые слова |
__ |
| a |
Ключевые слова |
Латинский язык (Классические языки) |
| 653 |
Ключевые слова |
__ |
| a |
Ключевые слова |
Латинский язык и основы клинической терминологии |
| 653 |
Ключевые слова |
__ |
| a |
Ключевые слова |
Введение в латинский язык |
| 653 |
Ключевые слова |
__ |
| a |
Ключевые слова |
Древние языки: латинский |
| 653 |
Ключевые слова |
__ |
| a |
Ключевые слова |
Профессиональный латинский язык |
| 653 |
Ключевые слова |
__ |
| a |
Ключевые слова |
Классические языки. Латинский язык |
| 653 |
Ключевые слова |
__ |
| a |
Ключевые слова |
Классические и древние языки (латинский) |
| 653 |
Ключевые слова |
__ |
| a |
Ключевые слова |
Латинский язык в профессиональной деятельности |
| 653 |
Ключевые слова |
__ |
| a |
Ключевые слова |
Латинский язык с основами медицинской и фармацевтической терминологии |
| 653 |
Ключевые слова |
__ |
| a |
Ключевые слова |
Основы латинского языка c медицинской терминологией |
| 653 |
Ключевые слова |
__ |
| a |
Ключевые слова |
Классические языки: латинский |
| 653 |
Ключевые слова |
__ |
| a |
Ключевые слова |
Древний язык (латинский) |
| 653 |
Ключевые слова |
__ |
| a |
Ключевые слова |
Иностранный язык (латинский) |
| 653 |
Ключевые слова |
__ |
| a |
Ключевые слова |
Классические и древние языки (латинский язык) |
| 856 |
Электронный адрес документа |
40 |
| n |
Местонахождение сервера |
Юрайт |
| g |
|
Электронная книга |
| q |
Тип электронного формата |
html |
| h |
Имя пользователя |
ЮРАЙТ |
| v |
Часы доступа к ресурсу |
20271231 |
| 2 |
Способ доступа |
Показать документ |
| x |
Служебное примечание |
https://urait.ru/book/cover/6EC47A77-BBDF-490D-AEAB-F237D77F5598 |
| u |
URL |
https://urait.ru/bcode/599042 |
| 856 |
Электронный адрес документа |
48 |
| q |
Тип электронного формата |
cover |
| u |
URL |
https://urait.ru/book/cover/6EC47A77-BBDF-490D-AEAB-F237D77F5598 |
| 911 |
|
__ |
| u |
|
0030=https://urait.ru/bcode/599042 |
| 911 |
|
__ |
| u |
|
073a=9785534181487 |
| u |
|
073d=1699.00 |
| 911 |
|
__ |
| u |
|
106a=s |
| 911 |
|
__ |
| u |
|
900l= |
| 952 |
Тип литературы |
__ |
| i |
Дисциплина |
Латинский язык |
| 952 |
Тип литературы |
__ |
| i |
Дисциплина |
Латинский язык и основы терминологии |
| 952 |
Тип литературы |
__ |
| i |
Дисциплина |
Латинский язык и основы медицинской терминологии |
| 952 |
Тип литературы |
__ |
| i |
Дисциплина |
Основы латинского языка с медицинской терминологией |
| 952 |
Тип литературы |
__ |
| i |
Дисциплина |
Основы латинского языка |
| 952 |
Тип литературы |
__ |
| i |
Дисциплина |
Древние языки (латинский язык) |
| 952 |
Тип литературы |
__ |
| i |
Дисциплина |
Классические/древние языки (латинский) |
| 952 |
Тип литературы |
__ |
| i |
Дисциплина |
Латинский язык (Классические языки) |
| 952 |
Тип литературы |
__ |
| i |
Дисциплина |
Латинский язык и основы клинической терминологии |
| 952 |
Тип литературы |
__ |
| i |
Дисциплина |
Введение в латинский язык |
| 952 |
Тип литературы |
__ |
| i |
Дисциплина |
Древние языки: латинский |
| 952 |
Тип литературы |
__ |
| i |
Дисциплина |
Профессиональный латинский язык |
| 952 |
Тип литературы |
__ |
| i |
Дисциплина |
Классические языки. Латинский язык |
| 952 |
Тип литературы |
__ |
| i |
Дисциплина |
Классические и древние языки (латинский) |
| 952 |
Тип литературы |
__ |
| i |
Дисциплина |
Латинский язык в профессиональной деятельности |
| 952 |
Тип литературы |
__ |
| i |
Дисциплина |
Латинский язык с основами медицинской и фармацевтической терминологии |
| 952 |
Тип литературы |
__ |
| i |
Дисциплина |
Основы латинского языка c медицинской терминологией |
| 952 |
Тип литературы |
__ |
| i |
Дисциплина |
Классические языки: латинский |
| 952 |
Тип литературы |
__ |
| i |
Дисциплина |
Древний язык (латинский) |
| 952 |
Тип литературы |
__ |
| i |
Дисциплина |
Иностранный язык (латинский) |
| 952 |
Тип литературы |
__ |
| i |
Дисциплина |
Классические и древние языки (латинский язык) |